UBT Library

Comprehensive handbook of laboratory and diagnostic tests with nursing implications: (Record no. 1503)

000 -LEADER
fixed length control field 00378nam a22001217a 4500
008 - FIXED-LENGTH DATA ELEMENTS--GENERAL INFORMATION
fixed length control field 160422b xxu||||| |||| 00| 0 eng d
020 ## - INTERNATIONAL STANDARD BOOK NUMBER
International Standard Book Number 9780803620681
020 ## - INTERNATIONAL STANDARD BOOK NUMBER
International Standard Book Number 080803620681
041 ## - LANGUAGE CODE
Language code of text/sound track or separate title eng
080 ## - UNIVERSAL DECIMAL CLASSIFICATION NUMBER
Universal Decimal Classification number 618.2
245 ## - TITLE STATEMENT
Title Comprehensive handbook of laboratory and diagnostic tests with nursing implications:
Statement of responsibility, etc Anne M. Van Leeuwen; Debra J. Poelhuis Leth;
942 ## - ADDED ENTRY ELEMENTS (KOHA)
Source of classification or shelving scheme
Item type Books
Holdings
Withdrawn status Lost status Source of classification or shelving scheme Damaged status Not for loan Collection code Permanent location Current location Shelving location Date acquired Total Checkouts Full call number Barcode Date last seen Koha item type Price effective from
          Koleksioni i përgjithshem UBT - Lipjan UBT - Lipjan Koleksioni i përgjithshem 01/05/2017   618.2 HOM 002-036117 04/22/2016 Books  
          Koleksioni i përgjithshem UBT - Lipjan UBT - Lipjan   12/19/2022   610.73LEE 002-8000287002601181 12/19/2022 Books 12/19/2022
UBT Library © 2015-2024. All rights reserved University Education for Business and Technology